LIBRARY & INFORMATION CENTRE, KCAET, TAVANUR

ONLINE PUBLIC ACCESS CATALOGUE (OPAC)

Dry farming technology in India: study of its profitability in selected areas / (Record no. 2695)

MARC details
000 -LEADER
fixed length control field 00531cam a2200193ua 4500
041 ## - LANGUAGE CODE
Language code of text/sound track or separate title eng
082 ## - DEWEY DECIMAL CLASSIFICATION NUMBER
Classification number 631.586
Item number RAN/DR
100 ## - MAIN ENTRY--AUTHOR NAME
Personal name Rangaswamy, P .
245 ## - TITLE STATEMENT
Title Dry farming technology in India: study of its profitability in selected areas /
250 ## - EDITION STATEMENT
Edition statement 1 /
260 ## - PUBLICATION, DISTRIBUTION, ETC. (IMPRINT)
Place of publication New Delhi :
Name of publisher Agricole Publishing Academy ,
Year of publication 1982.
300 ## - PHYSICAL DESCRIPTION
Number of Pages 212 ; .
942 ## - ADDED ENTRY ELEMENTS (KOHA)
Koha item type Books
Holdings
Withdrawn status Lost status Damaged status Home library Current library Date acquired Full call number Accession Number Koha item type
      KAUAET KAUAET 23/01/1987 631.586 15977 Books
      KAUAET KAUAET 07/04/2012 631.586 14487 Books
free website counter